000 00980nam a22001937a 4500
999 _c57214
_d57214
003 Ge_BSU
005 20200120114102.0
008 200120s2007 ge ||||| |||| 00| 0 geo d
020 _a9789994095193
041 _ageo
080 _a006.01(075.8) ზ-44
100 _aზედგინიძე, ი.
_96240
245 _aმეტროლოგია, სტანდარტიზაცია, სერთიფიკაცია :
_bსახელმძღვანელო /
_cი.ზედგინიძე ; რეცენზ. ვ.დოლიძე.
264 _aთბილისი :
_bსაქართველოს ტექნიკური უნივერსიტეტი,
_c2007.
300 _a235 გვ .:
_c19 სმ.
653 _aმეტროლოგია, სტანდარტიზაცია, სერთიფიკაცია
700 _aდოლიძე, ვ
_eრეცენზენტი
_96241
942 _2udc
_cBK